Music Quiz

Random Music or Singers Quiz

Meredith Brooks Is... Quiz Stats

 Plays Quiz Updated Feb 11, 2020

Support Sporcle.
Go Orange.
Score 0/11 Timer 02:00
0 Plays Today
Hint Answer % Correct
I'm a...Bitch
97.8%
I'm a...Lover
90.9%
I'm a...Mother
86.5%
I'm a...Sinner
82.3%
I'm a...Saint
82.3%
I'm a...Child
74.7%
I'm your...Dream
56.4%
I'm your...Hell
38.4%
I'm a...Goddess on my knees
31.1%
I'm your...Angel undercover
28.4%
I'm a...Tease
23.2%

From the Vault

Follow That Lyric: Hamilton

by Paigelepuff

There’s a million things I haven’t done, just you wait.
Remove Ads.
Support Sporcle.
Get the best of Sporcle when you Go Orange. This ad-free experience offers more features, more stats, and more fun while also helping to support Sporcle. Thank you for becoming a member.

Show Comments

Extras

Top Quizzes Today


Score Distribution

Your Account Isn't Verified!

In order to create a playlist on Sporcle, you need to verify the email address you used during registration. Go to your Sporcle Settings to finish the process.

Report this User

Report this user for behavior that violates our Community Guidelines.

Details: